UNCTAD handbook of statistics 2004 [electronic resource] (Record no. 78436)
[ view plain ]
| 000 -LEADER | |
|---|---|
| fixed length control field | 01029nam a2200217 a 4500 |
| 008 - FIXED-LENGTH DATA ELEMENTS--GENERAL INFORMATION | |
| fixed length control field | 120319c20049999||||||||||||||||| || u |
| 050 ## - LIBRARY OF CONGRESS CALL NUMBER | |
| Classification number | CD/HF 1016 Uni |
| 110 ## - MAIN ENTRY--CORPORATE NAME | |
| Corporate name or jurisdiction name as entry element | United Nations Conference on Trade and Development (UNCTAD) |
| 245 10 - TITLE STATEMENT | |
| Title | UNCTAD handbook of statistics 2004 [electronic resource] |
| Statement of responsibility, etc. | United Nations Conference on Trade and Development (UNCTAD) |
| Medium | [cd-rom] |
| 246 ## - | |
| -- | Manuel de statistiques de la CNUCED |
| 260 ## - PUBLICATION, DISTRIBUTION, ETC. | |
| Place of publication, distribution, etc. | New York |
| Name of publisher, distributor, etc. | United Nations |
| Date of publication, distribution, etc. | 2004 |
| 300 ## - PHYSICAL DESCRIPTION | |
| Extent | 4 3/4 in. |
| 350 ## - | |
| -- | 0.00 |
| 500 ## - GENERAL NOTE | |
| General note | English and French |
| 650 ## - SUBJECT ADDED ENTRY--TOPICAL TERM | |
| Topical term or geographic name entry element | UNITED NATIONS -- STATISTICS |
| 650 #3 - SUBJECT ADDED ENTRY--TOPICAL TERM | |
| Topical term or geographic name entry element | P0PULATION STATISTICS |
| 650 ## - SUBJECT ADDED ENTRY--TOPICAL TERM | |
| Topical term or geographic name entry element | INTERNATIONAL TRADE--HANDBOOK, MANUALS, ETC |
| 650 #0 - SUBJECT ADDED ENTRY--TOPICAL TERM | |
| Topical term or geographic name entry element | COMMERCIAL STATISTICS |
| 995 ## - | |
| -- | e-RESOURCES |
| -- | 0.00 |
| -- | 03008663 |
| -- | CBU-MAIN LIBRARY (Kitwe) |
| -- | 1 |
| -- | 0.00 |
| -- | CD/HF 1016 Uni |
| -- | 2 |
| -- | AVAILABLE |
| -- | Mar 19, 2012 |
| -- | Z03008663 |
| -- | e-Media Collection |
| 995 ## - | |
| -- | e-RESOURCES |
| -- | 0.00 |
| -- | 03008608 |
| -- | CBU-MAIN LIBRARY (Kitwe) |
| -- | 1 |
| -- | 0.00 |
| -- | CD/HF 1016 Uni |
| -- | 1 |
| -- | AVAILABLE |
| -- | Feb 24, 2012 |
| -- | Z03008608 |
| -- | e-Media Collection |
| 999 ## - | |
| -- | 78436 |
| -- | 78436 |
| Withdrawn status | Lost status | Source of classification or shelving scheme | Damaged status | Not for loan | Permanent Location | Current Location | Shelving location | Date acquired | Total Checkouts | Full call number | Barcode | Date last seen | Copy number | Price effective from | Koha item type |
|---|---|---|---|---|---|---|---|---|---|---|---|---|---|---|---|
| CBU-MAIN LIBRARY, KITWE. | CBU-MAIN LIBRARY, KITWE. | 05/17/2023 | CD/HF 1016 Uni | Z03008663 | 05/17/2023 | 1 | 05/17/2023 | DVD/CD-ROM | |||||||
| CBU-MAIN LIBRARY, KITWE. | CBU-MAIN LIBRARY, KITWE. | 05/17/2023 | CD/HF 1016 Uni | Z03008608 | 05/17/2023 | 2 | 05/17/2023 | DVD/CD-ROM |